Czy rozpoznasz klub piłkarski? - Statystyki

Ogólne statystyki
  • Ten quiz został rozwiązany 4 598 razy
  • Średni wynik to 9 z 15
Statystyki odpowiedzi
Opis Nazwa klubu % Poprawnych
Zwycięzca 3 tytułów Ligi Mistrzów pod rząd Real Madryt
99%
Najbardziej utytułowany klub w Niemczech Bayern Monachium
96%
Obecnym trenerem tego klubu jest Pep Guardiola Manchester City
96%
Czerwone Diabły Manchester United
91%
Najlepszym strzelcem w historii klubu jest Edinson Cavani PSG
85%
Klub Paolo Maldiniego AC Milan
77%
Klub ten posiada największy stadion w Europie FC Barcelona
75%
Lokalny rywal Evertonu Liverpool FC
55%
Zwycięzca Ligi mistrzów w 2004 r. FC Porto
51%
Właścicielem tego klubu jest Roman Abramowicz Chelsea FC
50%
Przydomek tego klubu to Los Rojiblancos Atletico Madryt
46%
Wygrali Premier League bez żadnej porażki Arsenal FC
40%
Grali w tym klubie trzej muszkieterowie Borussia Dortmund
37%
Bianconeri Juventus FC
24%
Prezesem tego klubu jest Daniel Levy Tottenham Hotspur
18%
Nie znaleziono quizów pasujących do podanych kryteriów
Rozkład punktacji
Procent ludzi z każdym wynikiem
Percentyl według liczby udzielonych odpowiedzi
Twoja historia wyników
Nie rozwiązałeś tego quizu